| 000 | 00862 a2200241 4500 | ||
|---|---|---|---|
| 999 |
_c10499 _d10499 |
||
| 020 | _a9780241205778 | ||
| 020 | _a0241205778 | ||
| 050 | 0 | 0 | _aQ175. STR 2020 |
| 100 | 1 |
_aStrevens, Michael, _eauthor. |
|
| 245 | 1 | 4 |
_aThe knowledge machine : _bhow an unreasonable idea created modern science / _cMichael Strevens. |
| 264 | 1 |
_a[London] : _bAllen Lane, _c♭2020 |
|
| 300 |
_ax, 350 pages : _billustrations ; |
||
| 500 | _aIncludes bibliographical references and index. | ||
| 504 | _aIncludes bibliographical references and index. | ||
| 650 | 0 |
_aScience _xMethodology. |
|
| 650 | 0 |
_aScience _xPhilosophy. |
|
| 650 | 0 |
_aScience _xHistory. |
|
| 650 | 0 | _aIrrationalism (Philosophy) | |
| 650 | 0 | _aKnowledge, Theory of. | |
| 942 |
_2lcc _cBK _h175 _iSTR _kQ |
||